00449nam a2200157Ia 4500008005200000082001600052100003900068245002800107250000800135260005300143300001000196650002100206650001700227650002300244650002400267200103s 2007 ||||xx |||||||||||||| ||und|| a623.88bICS aIneternational Chamber of Shipping 0aBridge procedures guide a4th bIneternational Chamber of Shippingc2007aLondon a114p. aPassage Planning aWatchkeeping aRadiocommunication aDynamic positioning